[Event "Bogota McGregor op 4th"]
[Site "Bogota"]
[Date "2013.12.06"]
[Round "4"]
[White "Munoz, Julian Andres"]
[Black "Sosa Florez, Juan Sebastian"]
[Result "1-0"]
[WhiteElo "2211"]
[BlackElo "1780"]
[PlyCount "83"]
[EventDate "2013.12.04"]
[EventType "swiss"]
[EventRounds "9"]
[EventCountry "COL"]
[SourceTitle "CBM 157 Extra"]
[Source "ChessBase"]
[SourceDate "2013.12.19"]
[SourceVersion "1"]
[SourceVersionDate "2013.12.19"]
[SourceQuality "1"]

1. e4 e5 2. Nf3 Nc6 3. Bb5 a6 4. Ba4 Nf6 5. Qe2 b5 6. Bb3 Bc5 7. c3 0-0 8. 0-0 Bb7 9. d3 d6 10. Nbd2 Ne7 11. Rd1 Ng6 12. Nf1 Bb6 13. Bg5 h6 14. Bc1 Qe7 15. Ng3 Bc8 16. Nf5 Qe8 17. N3h4 Nxh4 18. Nxh4 Bg4 19. Nf3 Qc8 20. h3 Bh5 21. a4 c5 22. axb5 axb5 23. Rxa8 Qxa8 24. g4 Bg6 25. Nh4 Bh7 26. Nf5 c4 27. dxc4 Nxe4 28. Be3 Bxe3 29. Qxe3 Bxf5 30. gxf5 Nc5 31. Bc2 f6 32. cxb5 Qb8 33. b4 Nd7 34. Bb3+ Kh8 35. Be6 Nb6 36. Kh2 d5 37. Rg1 e4+ 38. Kh1 Qb7 39. Rg6 Kh7 40. Qg3 Qb8 41. Rxg7+ Kh8 42. Rc7 1-0

[Event "Pamplona Sub zt 2.3"]
[Site "Pamplona"]
[Date "2012.11.06"]
[Round "3"]
[White "Zuluaga Mancilla, Cesar"]
[Black "Munoz, Julian Andres"]
[Result "1-0"]
[WhiteElo "2370"]
[BlackElo "2174"]
[PlyCount "73"]
[EventDate "2012.11.05"]
[EventType "swiss"]
[EventRounds "9"]
[EventCountry "COL"]
[SourceTitle "EXT 2013"]
[Source "ChessBase"]
[SourceDate "2012.11.22"]
[SourceVersion "1"]
[SourceVersionDate "2012.11.22"]
[SourceQuality "1"]

1. d4 Nf6 2. Nf3 e6 3. Bf4 b6 4. e3 Bb7 5. h3 d6 6. Be2 Nbd7 7. 0-0 g6 8. c4 Bg7 9. Nc3 0-0 10. Qc2 Qe7 11. Bh2 a6 12. Rfd1 Rfd8 13. e4 Rac8 14. b4 Ne8 15. Rab1 f5 16. Bd3 c5 17. bxc5 dxc5 18. d5 exd5 19. Nxd5 Bxd5 20. exd5 Bf6 21. Re1 Qf7 22. Qa4 Ng7 23. Re2 a5 24. Bf4 Nh5 25. Bd2 Re8 26. Rbe1 Rxe2 27. Rxe2 Re8 28. Qc6 Rxe2 29. Bxe2 Qe7 30. Bd1 Qd8 31. Ba4 Nf8 32. g4 Ng7 33. g5 Be7 34. Bf4 Nh5 35. Bc7 Qc8 36. Bxb6 Qb8 37. Qc7 1-0

[Event "Pamplona IRT blitz op"]
[Site "Pamplona"]
[Date "2012.11.04"]
[Round "3.15"]
[White "Arenas Vanegas, David"]
[Black "Munoz, Julian Andres"]
[Result "1-0"]
[WhiteElo "2443"]
[BlackElo "2209"]
[PlyCount "87"]
[EventDate "2012.11.04"]
[EventType "swiss (blitz)"]
[EventRounds "18"]
[EventCountry "COL"]
[SourceTitle "EXT 2024"]
[Source "ChessBase"]
[SourceDate "2023.10.10"]
[SourceVersion "1"]
[SourceVersionDate "2023.10.10"]
[SourceQuality "1"]

1. e4 c5 2. Nf3 Nc6 3. Nc3 e6 4. d4 cxd4 5. Nxd4 Nf6 6. Ndb5 d6 7. Bf4 e5 8. Bg5 a6 9. Na3 b5 10. Nd5 Be7 11. Bxf6 Bxf6 12. c4 b4 13. Nc2 Rb8 14. g3 0-0 15. b3 Bg5 16. h4 Bh6 17. Bh3 Be6 18. Kf1 Ne7 19. Ncxb4 f5 20. Nxe7+ Qxe7 21. Nc6 Qd7 22. Nxb8 Rxb8 23. exf5 Bxf5 24. Bxf5 Qxf5 25. Kg2 Rf8 26. Qe2 e4 27. Rhf1 g6 28. Rad1 Qe6 29. Rde1 Re8 30. Qd1 Bg7 31. Qd5 Qxd5 32. cxd5 Re5 33. Rd1 Bh6 34. Rfe1 Kf7 35. Rd4 e3 36. f4 Re7 37. Kf3 Bg7 38. Rc4 Bb2 39. Rxe3 Rb7 40. Re2 Ba3 41. Rec2 Bc5 42. b4 Bxb4 43. Rb2 a5 44. a3 1-0

[Event "Pamplona IRT blitz op"]
[Site "Pamplona"]
[Date "2012.11.04"]
[Round "4.15"]
[White "Munoz, Julian Andres"]
[Black "Arenas Vanegas, David"]
[Result "0-1"]
[WhiteElo "2209"]
[BlackElo "2443"]
[PlyCount "45"]
[EventDate "2012.11.04"]
[EventType "swiss (blitz)"]
[EventRounds "18"]
[EventCountry "COL"]
[SourceTitle "EXT 2024"]
[Source "ChessBase"]
[SourceDate "2023.10.10"]
[SourceVersion "1"]
[SourceVersionDate "2023.10.10"]
[SourceQuality "1"]

1. e4 c5 2. Nf3 d6 3. d4 Nf6 4. Nc3 cxd4 5. Nxd4 g6 6. Bc4 Bg7 7. 0-0 0-0 8. Bb3 Nc6 9. h3 Bd7 10. Be3 Rc8 11. Qe2 Nxe4 12. Nxe4 Nxd4 13. Qd2 Nxb3 14. axb3 a6 15. c3 Bc6 16. Ng5 h6 17. Nf3 Bxf3 18. gxf3 Qd7 19. Kh2 Kh7 20. Rg1 Qf5 21. Ra4 Qxf3 22. Bxh6 Be5+ 23. Bf4 0-1

[Event "Bogota op 10"]
[Site "Bogota"]
[Date "2012.10.17"]
[Round "7"]
[White "Nieto, Guillermo Luigui"]
[Black "Munoz, Julian Andres"]
[Result "1/2-1/2"]
[WhiteElo "1907"]
[BlackElo "2181"]
[PlyCount "177"]
[EventDate "2012.10.11"]
[EventType "swiss"]
[EventRounds "9"]
[EventCountry "COL"]
[SourceTitle "EXT 2013"]
[Source "ChessBase"]
[SourceDate "2012.11.22"]
[SourceVersion "1"]
[SourceVersionDate "2012.11.22"]
[SourceQuality "1"]

1. e4 c5 2. Nc3 Nc6 3. Bb5 g6 4. Bxc6 dxc6 5. d3 Bg7 6. Nf3 Nf6 7. 0-0 0-0 8. Bg5 h6 9. Be3 b6 10. h3 Nd7 11. Qd2 Kh7 12. e5 Nxe5 13. Nxe5 Bxe5 14. Bxh6 Rh8 15. Bf4 Bf6 16. Bg5 Kg7 17. Bxf6+ exf6 18. Qe3 Be6 19. f4 Qd7 20. Rf3 a5 21. a4 Rae8 22. Qf2 Bd5 23. Nxd5 cxd5 24. b3 d4 25. Qd2 Re7 26. f5 Rhe8 27. fxg6 fxg6 28. Qf4 Qe6 29. Raf1 Rf7 30. Qh4 Qe5 31. R3f2 Re6 32. Qf4 Qh5 33. Qg4 Qe5 34. Qf4 Qe3 35. Qxe3 dxe3 36. Re2 f5 37. h4 f4 38. Rf3 Rf5 39. g3 Ref6 40. Rxf4 Rxf4 41. gxf4 Rxf4 42. Rxe3 Rxh4 43. Re6 Rb4 44. Kg2 Kh6 45. Kg3 Kg5 46. Re5+ Kf6 47. Re1 g5 48. Re8 Kf5 49. Rf8+ Ke5 50. Rd8 Rd4 51. Re8+ Kf5 52. Rf8+ Kg6 53. Rg8+ Kf6 54. Rf8+ Ke5 55. Re8+ Kf6 56. Rf8+ Kg7 57. Rf5 Kg6 58. Re5 Kh5 59. Re8 Rg4+ 60. Kh2 Rf4 61. Kg3 Rf1 62. Rh8+ Kg6 63. Rg8+ Kh6 64. Rh8+ Kg7 65. Rh2 Kg6 66. Kg2 Rf4 67. Kg3 Kf5 68. Re2 Rf1 69. Re8 Rg1+ 70. Kf3 g4+ 71. Kf2 Rc1 72. Re2 Kf4 73. Re4+ Kg5 74. Re2 Kh4 75. Kg2 Rd1 76. Kh2 Rf1 77. Kg2 Rc1 78. Kh2 Kg5 79. Kg3 Kf5 80. Rf2+ Ke5 81. Kxg4 Kd4 82. Rf4+ Kc3 83. Rf6 Rg1+ 84. Kh4 Kxc2 85. Rxb6 Kxd3 86. Rb5 c4 87. bxc4 Kxc4 88. Rxa5 Kb4 89. Ra8 1/2-1/2

[Event "Bogota op 10"]
[Site "Bogota"]
[Date "2012.10.15"]
[Round "5"]
[White "Corredor Rengifo, Luis Fernando"]
[Black "Munoz, Julian Andres"]
[Result "1/2-1/2"]
[WhiteElo "1941"]
[BlackElo "2181"]
[PlyCount "78"]
[EventDate "2012.10.11"]
[EventType "swiss"]
[EventRounds "9"]
[EventCountry "COL"]
[SourceTitle "EXT 2013"]
[Source "ChessBase"]
[SourceDate "2012.11.22"]
[SourceVersion "1"]
[SourceVersionDate "2012.11.22"]
[SourceQuality "1"]

1. e4 c5 2. Nf3 Nc6 3. d4 cxd4 4. Nxd4 Nf6 5. Nc3 e5 6. Ndb5 d6 7. Bg5 a6 8. Na3 Be6 9. Nd5 Bxd5 10. exd5 Qa5+ 11. c3 Qxd5 12. Bxf6 Qe4+ 13. Qe2 Qxe2+ 14. Bxe2 gxf6 15. 0-0-0 Rd8 16. Nc4 d5 17. Ne3 Bh6 18. Kb1 Bxe3 19. fxe3 Rg8 20. g3 Ne7 21. Bf3 f5 22. c4 Rg6 23. Bxd5 Nxd5 24. cxd5 Rgd6 25. Rdf1 f4 26. e4 f5 27. gxf4 fxe4 28. Re1 Rxd5 29. Rxe4 Kf7 30. Rxe5 Rd4 31. Rhe1 R8d7 32. Rf5+ Kg6 33. Rf8 Rf7 34. f5+ Kg7 35. Rc8 Kf6 36. Rce8 Rd2 37. h4 Rh2 38. R8e6+ Kxf5 39. h5 Kf4 1/2-1/2

[Event "Latin Cup-A 3rd"]
[Site "Cali"]
[Date "2012.10.09"]
[Round "9"]
[White "Mercado, Luisa Fernanda"]
[Black "Munoz, Julian Andres"]
[Result "0-1"]
[WhiteElo "2044"]
[BlackElo "2181"]
[PlyCount "75"]
[EventDate "2012.10.04"]
[EventType "swiss"]
[EventRounds "9"]
[EventCountry "COL"]
[SourceTitle "CBM 150 Extra"]
[Source "ChessBase"]
[SourceDate "2012.10.19"]
[SourceVersion "1"]
[SourceVersionDate "2012.10.19"]
[SourceQuality "1"]

1. e4 c5 2. Nf3 Nc6 3. Nc3 e6 4. g3 d6 5. Bg2 Nf6 6. 0-0 Be7 7. d4 cxd4 8. Nxd4 e5 9. Nb3 Be6 10. Bg5 0-0 11. Qd2 Qd7 12. Rfd1 Rad8 13. Qe2 Qc8 14. Rd2 h6 15. Bxf6 Bxf6 16. h4 g5 17. hxg5 Bxg5 18. Rdd1 a6 19. Qe1 Nb4 20. Qe2 Bc4 21. Qh5 Nxc2 22. Rac1 Be6 23. Bf3 Bxb3 24. axb3 Nd4 25. Nd5 Qe6 26. Rc7 Nxf3+ 27. Qxf3 Rc8 28. Rxb7 Rc2 29. Qd3 Rxb2 30. Qxa6 Qg4 31. Qd3 Ra8 32. Nc3 Rc8 33. Kg2 Qe6 34. b4 Rb3 35. Qxd6 Qxd6 36. Rxd6 Rcxc3 37. Rdd7 Rf3 38. Rdc7 0-1

[Event "Latin Cup-A 3rd"]
[Site "Cali"]
[Date "2012.10.06"]
[Round "5"]
[White "Torres, Juan Camilo"]
[Black "Munoz, Julian Andres"]
[Result "1-0"]
[WhiteElo "2318"]
[BlackElo "2181"]
[PlyCount "75"]
[EventDate "2012.10.04"]
[EventType "swiss"]
[EventRounds "9"]
[EventCountry "COL"]
[SourceTitle "CBM 150 Extra"]
[Source "ChessBase"]
[SourceDate "2012.10.19"]
[SourceVersion "1"]
[SourceVersionDate "2012.10.19"]
[SourceQuality "1"]

1. d4 Nf6 2. c4 e6 3. Nf3 d5 4. Nc3 c6 5. Bg5 h6 6. Bxf6 Qxf6 7. e3 Nd7 8. Bd3 g6 9. e4 dxc4 10. e5 Qe7 11. Bxc4 Bg7 12. 0-0 0-0 13. Qe2 Rd8 14. Rac1 b6 15. Rfe1 a5 16. h4 Bb7 17. h5 gxh5 18. Rcd1 b5 19. Bd3 b4 20. Ne4 c5 21. Ng3 cxd4 22. Nxh5 Bxf3 23. Qxf3 Qg5 24. Qh3 Bxe5 25. f4 Bxf4 26. Nxf4 e5 27. Nh5 Nc5 28. Ng3 Ne6 29. Ne4 Qg7 30. Qf5 Nf4 31. Nf6+ Kf8 32. Bf1 Ra6 33. Nd7+ Kg8 34. Rxe5 Qg3 35. Rxd4 Rg6 36. Qxf4 Qxf4 37. Rxf4 Rxd7 38. Rxa5 1-0